000 01211cam a22003497 4500
001 194853
003 SpMaBN
005 20240527163321.0
007 ta
008 240520s1943 sp | |||| 000 j spa
035 _a(OCoLC)868875912
035 _aa4735390
040 _aSpMaBN
_bspa
_cSpMaBN
_erdc
_dES-MaACL
080 _a821.131.1-32"18"
100 0 _aDe Amicis, Edmondo,
_d1846-1908
_0XX1634602
_943032
245 1 0 _aHeroísmo /
_cEdmundo d´Amicis.
260 _aMadrid :
_bDédalo,
_c1943.
300 _a16 p. ;
_c29 cm
336 _2rdacontent
_atexto
337 _2rdamedia
_asin mediación
338 _2rdacarrier
_avolumen
490 1 _aNovelas y cuentos
500 _aIncluye otras obras del autor
773 _0194742
_9202381
_gG-15981
_aObras encuadernadas juntas
830 _9236505
_aNovelas y cuentos (Dédalo)
852 _aES-MaACL
_cDEPO2
_jG-15981(14)
_hLegado: Juan Antonio Porto
_xEncuadernado con otras obras formando un volumen facticio
_9202381
903 _993285
_aPorto, Juan Antonio,
_q1
_d1937-2021
_ednr
942 _n0
_cFOLLETOS
999 _c194853
_d194853